| 000 | 00778nam a2200217 u 4500 | ||
|---|---|---|---|
| 005 | 20240305063638.0 | ||
| 008 | 080918s1997 es r 000 0 spa d | ||
| 020 | _a8485840623 | ||
| 035 | _aUPN01000159621 | ||
| 049 | _aCG | ||
| 050 | 4 |
_aLC1081 _bE5.7 |
|
| 245 | 0 | 0 |
_aEnseñar y aprender tecnología en la educación secundaria / _cXavier Bachs ... [et al.] ; coord. Javier Baigorri. |
| 260 |
_aBarcelona, Esp. : _bICE : _bHorsori, _c1997. |
||
| 300 |
_a293 p. : _bil., cuadros |
||
| 440 | 0 |
_aCuadernos de formación del profesorado. _pEducación secundaria ; _v10 |
|
| 650 | 4 |
_aTecnología _xEstudio y enseñanza (Secundaria) _912003 |
|
| 650 | 4 |
_aEducación tecnológica _94854 |
|
| 700 | 1 |
_aBachs, Xavier, _ecoaut. |
|
| 700 | 1 |
_aBaigorri, Javier, _ecoord. |
|
| 905 | _aLibro | ||
| 999 |
_c131735 _d131735 |
||